The promised seed.

Bibliographic Details
Main Author: Harris, Irving D.
Format: Book
Language:English
Published: [Place of publication not identified] : Free Press of Glencoe, [1964]
Subjects:

MARC

Tag First Indicator Second Indicator Subfields
LEADER 00000cam a2200000 4500
001 in00000052028
005 20151007080252.0
008 720113s1964 eng u
010 |a  64023083  
035 |a (OCoLC)00217734 
035 |9 AAF4527AM 
040 |c WSU  |d TXA  |d UtOrBLW 
049 |a TXAM  |c [413030] 
090 |a BF723.B5  |b H3 
092 |a 155.9  |b H314p 
100 1 |a Harris, Irving D. 
245 1 4 |a The promised seed. 
264 1 |a [Place of publication not identified] :  |b Free Press of Glencoe,  |c [1964] 
300 |a 339 pages 
336 |a text  |b txt  |2 rdacontent 
337 |a unmediated  |b n  |2 rdamedia 
338 |a volume  |b nc  |2 rdacarrier 
504 |a Bibliography: pages 319-329. 
650 0 |a Birth order. 
999 |a MARS 
999 f f |s 13891f79-8087-3d63-ada9-85b2d07d41b7  |i 9927c3a2-29eb-3e72-9c95-7a9716f40917  |t 0 
952 f f |p ric  |a Texas A&M University  |b Rellis Campus  |c Joint Library Facility  |d Remote Storage  |t 0  |e BF723.B5 H3  |h Library of Congress classification  |i unmediated -- volume  |m A14810780366 
998 f f |a BF723.B5 H3  |t 0  |l Remote Storage